Văn nghệ dân gian xứ Huế Hò đối đáp nam nữ, giai thoại hò, truyện trạng Nguyễn Kinh

Trình bày khát quát về hò đối đáp nam nữ, đôi nét về giai thoại hò và và một số dạng hò của dân gian Huế như hò chào hỏi, hò ướm lòng, hò thử tài, hò trêu ghẹo, đâm bắt, hò ân tình, hò li biệt. Giới thiệu 50 mẩu truyện trạng Nguyễn Kinh sưu tầm được tại Trường Hà, Thanh Lam Bồ huyện Phú Vang (Huế) n...

Descripción completa

Guardado en:
Detalles Bibliográficos
Autor principal: Triều Nguyên
Formato: Libro
Lenguaje:Vietnamese
Publicado: H. Văn hoá Thông tin 2011
Materias:
Etiquetas: Agregar Etiqueta
Sin Etiquetas, Sea el primero en etiquetar este registro!
Thư viện lưu trữ: Mạng thư viện Đại học Đà Nẵng
LEADER 01688aam a22003498a 4500
001 000015841
003 12225
005 20120605140635.0
008 120605s2011 viesd
020 |d 2000b 
041 0 |a vie 
082 1 4 |2 14  |a 398.0959749  |b TR-N 
100 0 |a Triều Nguyên 
245 1 0 |a Văn nghệ dân gian xứ Huế  |b Hò đối đáp nam nữ, giai thoại hò, truyện trạng Nguyễn Kinh  |c Triều Nguyên 
260 |a H.  |b Văn hoá Thông tin  |c 2011 
300 |a 309tr.  |c 21cm 
500 |a ĐTTS ghi: Hội Văn nghệ dân gian Việt Nam 
520 |a Trình bày khát quát về hò đối đáp nam nữ, đôi nét về giai thoại hò và và một số dạng hò của dân gian Huế như hò chào hỏi, hò ướm lòng, hò thử tài, hò trêu ghẹo, đâm bắt, hò ân tình, hò li biệt. Giới thiệu 50 mẩu truyện trạng Nguyễn Kinh sưu tầm được tại Trường Hà, Thanh Lam Bồ huyện Phú Vang (Huế) nơi sinh ra và trưởng thành của nhân vật trạng 
650 7 |2 Bộ TK TVQG  |a Văn hoá dân gian 
650 7 |2 Bộ TK TVQG  |a Hò đối đáp 
651 7 |2 Bộ TK TVQG  |a Thừa Thiên - Huế 
653 |a Truyện trạng 
OWN |a LSP 
AVA |a UDN50  |b LSP  |d 398.0959749 TR-N  |e available  |t Error 5001 Not defined in file expand_doc_bib_avail.  |f 1  |g 0  |h N  |i 0  |k 1 
999 |a From the UDN01 
AVA |a UDN50  |b LSP  |d 398.0959749 TR-N  |e available  |t Error 5001 Not defined in file expand_doc_bib_avail.  |f 1  |g 0  |h N  |i 0  |k 1 
TYP |a Monograph 
TYP |a Printed language 
980 |a Mạng thư viện Đại học Đà Nẵng